000 00518nam a2200181Ia 4500
001 1470
005 20260306143731.0
008 260306t2009||||xx |||||||||||||| ||spa||
041 _aESP
082 _a150.195
_bA128
100 _aActas del I Congreso Internacional de Psicología. Programa Profesional de Psicología. Facultad de Ciencias Humanas
_eAUT
245 0 _aPsicología y visión del hombre desde la fe
260 _c2009
300 _a
_c
650 _aGEN
654 _aCPS
942 _cLIB
_dJUS
_fJUS
_2ddc
_n
999 _c1470
_d1470